| 000 | 00897cam a2200253 4500 | ||
|---|---|---|---|
| 008 | 090401t1994 xxu||||| |||| 00| 0 eng d | ||
| 020 | _a1859460011 | ||
| 035 | _a(Sirsi) u40601 | ||
| 041 | _aeng | ||
| 050 | _a692.8 | ||
| 100 | _aNewman, Paul | ||
| 245 | _aLoss and expense explained. | ||
| 260 |
_aLondon _bRIBA Publications _c1994 |
||
| 300 | _a118p. ; 24cm. | ||
| 350 | _a19.95 | ||
| 520 | _aThe authors, a barrister and a quantity surveyor, explain the principles on which a contractor may make a financial claim for common law damages and/or contractual loss and expense and provide practical guidance for presenting and negotiating claims. | ||
| 650 | _aBUILT ENVIRONMENT-BUILDING CONTRACT FORMS | ||
| 650 | _aCLAIMS | ||
| 650 | _aLOSS AND EXPENSE | ||
| 690 | _aBUILT ENVIRONMENT-BUILDING CONTRACT FORMS | ||
| 700 | _aWhitfield, Jeff | ||
| 942 | _n0 | ||
| 948 | _c04/03/1997 | ||
| 999 |
_c90875 _d90875 |
||